000 00504nam a2200181Ia 4500
999 _c1656
_d1656
003 OSt
005 20200929120331.0
008 190216s9999||||xx |||||||||||||| ||und||
020 _a8121923735
040 _coclc
082 _a591.51
_bAGA/A
100 _aAgarwal, V K
_91496
245 0 _aAnimal Behaviour /
_cV K Agarwal ; Usha Gupta
260 _bS Chand & Company,
_aNew Delhi:
_c2004.
300 _a716p
650 _aBotany
942 _cBK
_2ddc
_h591.51
_iAGA/A
_k591.51
_mAGA/A